| 000 | 01524cam a22004214i 4500 | ||
|---|---|---|---|
| 003 | PE-LiUPU | ||
| 005 | 20250731172944.0 | ||
| 008 | 150623s r 000 0 d | ||
| 020 | _a0310590914 | ||
| 035 | _a(Sirsi) i9780310590910 | ||
| 040 |
_aPE-LiUPU _bspa _cPE-LiUPU _erda |
||
| 049 | _aPRUA | ||
| 082 | 0 | 4 |
_a239 _bM478i _223 |
| 100 | 1 |
_aMcGrath, Alister E., _d1953-, _eautor. |
|
| 245 | 1 | 0 |
_aIntellectuals don't need God and other modern myth : _bbuilding bridges to faith through apologetics / _cpor Alister McGrath. |
| 264 | 1 |
_aMichigan : _bZondervan Publishing House, _c1993. |
|
| 300 |
_a241 páginas : _bilustraciones, gráficos ; _c21.5 centímetros |
||
| 336 |
_atext _2rdacontent |
||
| 337 |
_aunmediated _2rdamedia |
||
| 338 |
_avolume _2rdacarrier |
||
| 504 | _aIncluye bibliografía. | ||
| 505 | 0 | _aCreating opening for faith: The theological foundations of effective apologetics. -Points of contac. -From assent to commitment. -Overcoming barriers to faith: what keeps people from becoming Christians. -Intellectual barries to faith. -A clash of worldviews. -APologetics in action: from textbook to real life. | |
| 526 | _aSEG42 | ||
| 526 | _aSEG41 | ||
| 526 | _aSEG40 | ||
| 526 | _aSEG39 | ||
| 526 | _aP94 | ||
| 526 | _aP87 | ||
| 526 | _aP86 | ||
| 526 | _aP85 | ||
| 526 | _aP77 | ||
| 526 | _aP76 | ||
| 526 | _aP35 | ||
| 650 | 1 | 4 |
_aApologética _xHistoria _ySiglo XX. _93788 |
| 942 |
_2ddc _cBK |
||
| 980 |
_81 _gALBERTO SANCHEZ Responsable de Automatización |
||
| 999 |
_c21562 _d21562 |
||